000 00607nam a2200193 i 4500
001 95150
003 ES-MaACL
005 20250823063049.0
007 t|
008 050524s1910 sp ||||1| spa d
100 1 _aLuis André, Eloy,
_d1876-1935
_974686
245 1 0 _aEtica española
_b: problemas de moral contemporánea /
_cEloy Luis André.
260 _aMadrid :
_bHijos de M. G. Hernández,
_c1910.
300 _a304 p. ;
_c21 cm.
650 4 _aValores sociales-
_zEspaña.
_9164619
650 0 4 _aEspañoles-
_xPsicología.
_912477
852 _aES-MaACL
_jF-11806
999 _c95150
_d95150